000 01012nam a2200265Ia 4500
003 OSt
005 20221005105454.0
006 a|||||r|||| 00| 0
007 ta
008 221004b |||||||| |||| 00| 0 hin d
020 _a9789380459066 (hbk)
_c300
024 _a122829
037 _b13330, 17/07/2012, Kitab Ghar
_cTextual
040 _aCRL
_cCRL
_bhin
041 _2hin
_ahin
082 _aO44(Y5927):g, 152Q1
100 _aहरपालसिंह, ‘अरूष’
245 0 _aदलित साहित्य के आधार तत्त्व
246 _aDalit sāhitya ke ādhār tattva
260 _aनई दिल्ली
_bभारतीय पुस्तक परिड्ढद् भारत
_c2011
300 _a191पृ0
_ccm.
650 _aहिन्दी साहित्य
942 _hO44(Y5927):g, 152Q1
_cTEXL
_2cc
999 _c1015931
_d1015931